[Event "GER-ch U12"]
[Site "Willingen"]
[Date "2019.06.13"]
[Round "7"]
[White "Schwartz, Oliver"]
[Black "Walter, Alexander"]
[Result "1/2-1/2"]
[WhiteElo "1616"]
[BlackElo "1642"]
[PlyCount "54"]
[EventDate "2019.06.08"]
[EventType "swiss"]
[EventRounds "9"]
[EventCountry "GER"]
[SourceTitle "CBM 191 Extra"]
[Source "ChessBase"]
[SourceDate "2019.09.30"]
[SourceVersion "1"]
[SourceVersionDate "2019.09.30"]
[SourceQuality "1"]

1. e4 c5 2. Nf3 Nc6 3. d4 cxd4 4. Nxd4 g6 5. c4 Bg7 6. Be3 Nf6 7. Nc3 0-0 8. Be2 d6 9. Qd2 Bd7 10. 0-0 Nxd4 11. Bxd4 Bc6 12. f3 Nd7 13. Be3 a5 14. b3 Qc7 15. Rab1 Rfe8 16. Nd5 Qd8 17. Bh6 Bxd5 18. exd5 Nc5 19. Rfe1 Qb6 20. Be3 Qb4 21. Qc1 Qc3 22. Bf1 Qxc1 23. Rbxc1 h6 24. Rc2 Kf8 25. Rce2 b6 26. g3 Rab8 27. Bh3 Rb7 1/2-1/2